Ergonómia v priemysle /

Other Authors: Hanker, Jozef
Language: Slovak
Published: Bratislava : Alfa, 1978
Edition: 1. vyd.
Series: Edícia ekonomickej literatúry (Alfa)
Physical Description: 383 s.
Book
Saved in:
LEADER 00727nam a22002412a 4500
001 000291494
003 CZ BrMZK
005 20120416122018.0
007 ta
008 980105s1978 xo f slo d
040 |a BOA001  |b cze 
245 0 0 |a Ergonómia v priemysle /  |c Jozef Hanker ... [et al.] 
250 |a 1. vyd. 
260 |a Bratislava :  |b Alfa,  |c 1978 
300 |a 383 s. 
490 1 |a Edícia ekonomickej literatúry 
504 |a Obsahuje bibliografii 
700 1 |a Hanker, Jozef  |7 jx20060824008  |4 aut 
830 0 |a Edícia ekonomickej literatúry (Alfa) 
910 |a BOA001  |b 2-0793.593 
990 |a BK 
991 |b 201110 
996 7 |b 2619860602  |c 2-0793.593  |l MZK  |r Sklad / do 1 hodiny  |n 3  |w 000291494  |u 000010  |a 1  |e BOA001  |j MZK50  |s A